[Event "Guillermo Garcia Memorial-B 20th"]
[Site "Santa Clara"]
[Date "2011.06.01"]
[Round "11"]
[White "Ochoa de la Rosa, Manuel Dario"]
[Black "Ramos Galindo, Luis Ernesto"]
[Result "1-0"]
[WhiteElo "2149"]
[BlackElo "2158"]
[PlyCount "99"]
[EventDate "2011.05.23"]
[EventType "tourn"]
[EventRounds "14"]
[EventCountry "CUB"]
[SourceTitle "CBM 142 Extra"]
[Source "ChessBase"]
[SourceDate "2011.06.27"]
[SourceVersion "1"]
[SourceVersionDate "2011.06.27"]
[SourceQuality "1"]

1. d4 Nf6 2. c4 g6 3. g3 c6 4. Bg2 d5 5. Nf3 Bg7 6. 0-0 0-0 7. cxd5 cxd5 8. Ne5 Nc6 9. Nc3 e6 10. f4 Qb6 11. e3 Nd7 12. b3 Ndxe5 13. fxe5 Bd7 14. Na4 Qa5 15. Bd2 Qc7 16. Rc1 Qd8 17. Nc5 b6 18. Nxd7 Qxd7 19. Rf2 b5 20. Bf1 a6 21. a4 b4 22. Be1 Rfc8 23. Rfc2 Qb7 24. Bd3 Bh6 25. Bd2 a5 26. Rc5 Bf8 27. R5c2 Qb6 28. Bf1 Ne7 29. Bb5 Bh6 30. Rc5 Qd8 31. Qc2 Rxc5 32. Qxc5 Nf5 33. Qc2 Qg5 34. Qd3 f6 35. Bd7 Ng7 36. Rc2 Qg4 37. exf6 Nh5 38. Rc6 Qd1+ 39. Kg2 Nxf6 40. Bxe6+ Kh8 41. Rc1 Qh5 42. Rf1 Ne4 43. Be1 Re8 44. Qb5 Nd6 45. Qxd5 Qxd5+ 46. Bxd5 Bxe3 47. Bc6 Rd8 48. d5 Nf5 49. Rf3 Bb6 50. Rd3 1-0

[Event "Guillermo Garcia Memorial-B 20th"]
[Site "Santa Clara"]
[Date "2011.05.30"]
[Round "9"]
[White "Bueno Perez, Jesus Angel"]
[Black "Ramos Galindo, Luis Ernesto"]
[Result "1-0"]
[WhiteElo "2063"]
[BlackElo "2158"]
[PlyCount "120"]
[EventDate "2011.05.23"]
[EventType "tourn"]
[EventRounds "14"]
[EventCountry "CUB"]
[SourceTitle "CBM 142 Extra"]
[Source "ChessBase"]
[SourceDate "2011.06.27"]
[SourceVersion "1"]
[SourceVersionDate "2011.06.27"]
[SourceQuality "1"]

1. e4 e5 2. Nf3 Nc6 3. Bb5 a6 4. Ba4 Nge7 5. 0-0 d6 6. c3 Ng6 7. d4 Bd7 8. Be3 Be7 9. Nbd2 h6 10. Re1 Bg5 11. Nf1 Qf6 12. Qd2 Nf4 13. Bxf4 Bxf4 14. Ne3 0-0-0 15. b4 Kb8 16. Qb2 Bxe3 17. Bxc6 Bxf2+ 18. Qxf2 Bxc6 19. d5 Bd7 20. a4 g5 21. b5 g4 22. bxa6 b6 23. Reb1 Ka7 24. a5 Rb8 25. axb6+ cxb6 26. Nd2 Qxf2+ 27. Kxf2 Rhc8 28. c4 b5 29. cxb5 Bxb5 30. Ra3 Rc2 31. Ke3 Rb6 32. Rab3 Rc5 33. R1b2 h5 34. g3 Rb8 35. Nb1 f5 36. exf5 Rxd5 37. Na3 Bxa6 38. Rxb8 Rd3+ 39. Kf2 Rxa3 40. R8b3 Ra1 41. Rb1 Ra2+ 42. Kg1 h4 43. f6 Bc4 44. Rb7+ Ka6 45. f7 hxg3 46. hxg3 Bxf7 47. Rxf7 Ra3 48. Kg2 e4 49. Rf8 Ka7 50. Rf7+ Ka8 51. Rf4 d5 52. Rd1 e3 53. Rxd5 Ra2+ 54. Kf1 Ra3 55. Rxg4 Ra2 56. Re5 Ra1+ 57. Ke2 Ra2+ 58. Kxe3 Ra1 59. Rg7 Re1+ 60. Kf4 Rf1+ 1-0

[Event "Guillermo Garcia Memorial-B 20th"]
[Site "Santa Clara"]
[Date "2011.05.24"]
[Round "2"]
[White "Ramos Galindo, Luis Ernesto"]
[Black "Bueno Perez, Jesus Angel"]
[Result "1-0"]
[WhiteElo "2158"]
[BlackElo "2063"]
[PlyCount "63"]
[EventDate "2011.05.23"]
[EventType "tourn"]
[EventRounds "14"]
[EventCountry "CUB"]
[SourceTitle "CBM 142 Extra"]
[Source "ChessBase"]
[SourceDate "2011.06.27"]
[SourceVersion "1"]
[SourceVersionDate "2011.06.27"]
[SourceQuality "1"]

1. e4 c5 2. Nf3 d6 3. Nc3 Nc6 4. d4 cxd4 5. Nxd4 Nf6 6. Bg5 Bd7 7. Qd2 Rc8 8. Nb3 a6 9. f4 e6 10. 0-0-0 Be7 11. Kb1 b5 12. Bxf6 gxf6 13. Bd3 Qb6 14. Rhf1 b4 15. Ne2 a5 16. f5 a4 17. Nbc1 h5 18. Nf4 Ne5 19. Be2 h4 20. fxe6 fxe6 21. Nh5 Rxh5 22. Bxh5+ Kd8 23. Be2 Bc6 24. Qd4 Qa5 25. Rf4 Qc7 26. Rxh4 Kd7 27. Rh7 Rg8 28. g3 Rb8 29. b3 axb3 30. cxb3 Rc8 31. Kb2 Bxe4 32. Bb5+ 1-0

[Event "Guillermo Garcia Memorial-B 20th"]
[Site "Santa Clara"]
[Date "2011.05.23"]
[Round "1"]
[White "Ramos Galindo, Luis Ernesto"]
[Black "Hernandez Rojas, Reinel"]
[Result "1-0"]
[WhiteElo "2158"]
[BlackElo "2078"]
[PlyCount "99"]
[EventDate "2011.05.23"]
[EventType "tourn"]
[EventRounds "14"]
[EventCountry "CUB"]
[SourceTitle "CBM 142 Extra"]
[Source "ChessBase"]
[SourceDate "2011.06.27"]
[SourceVersion "1"]
[SourceVersionDate "2011.06.27"]
[SourceQuality "1"]

1. e4 c5 2. Nf3 e6 3. d4 cxd4 4. Nxd4 a6 5. Nc3 b5 6. Be2 Bb7 7. Bf3 Qc7 8. 0-0 d6 9. a4 b4 10. Na2 Nf6 11. Re1 Nbd7 12. Bg5 Be7 13. Bxf6 Bxf6 14. Nxb4 0-0 15. c3 Ne5 16. Nd3 Rfd8 17. Qe2 d5 18. Nxe5 Bxe5 19. exd5 Bxd4 20. cxd4 Bxd5 21. Red1 Qb7 22. Ra3 Rab8 23. Bxd5 Rxd5 24. Rc3 g6 25. b3 a5 26. h3 Rbd8 27. Qf3 Qb6 28. Rcd3 Qa6 29. Qf6 Qb6 30. Rf3 Qc7 31. g3 R8d7 32. h4 Qc2 33. Rdd3 Qc1+ 34. Kg2 Qc7 35. Rc3 Qb7 36. Rc5 Qa8 37. h5 Qd8 38. Qxd8+ Rxd8 39. h6 Kf8 40. Rfc3 Ke7 41. Rxd5 Rxd5 42. Rc7+ Kf6 43. Rc4 Kg5 44. Rc5 Kf5 45. Rxd5+ exd5 46. Kf3 g5 47. Ke3 Kg4 48. b4 axb4 49. a5 b3 50. Kd3 1-0

[Event "Santa Clara Provincial-ch Etapa 2 final"]
[Site "Santa Clara"]
[Date "2009.11.09"]
[Round "6"]
[White "Miranda Mesa, Elier"]
[Black "Ramos Galindo, Luis Ernesto"]
[Result "0-1"]
[WhiteElo "2340"]
[BlackElo "2078"]
[PlyCount "110"]
[EventDate "2009.11.04"]
[EventType "tourn"]
[EventRounds "11"]
[EventCountry "CUB"]
[SourceTitle "CBM 133 Extra"]
[Source "ChessBase"]
[SourceDate "2010.01.05"]
[SourceVersion "1"]
[SourceVersionDate "2010.01.05"]
[SourceQuality "1"]

1. e4 e5 2. Nf3 Nc6 3. Bb5 f5 4. d3 Nf6 5. 0-0 fxe4 6. dxe4 d6 7. Nc3 Be7 8. Qd3 0-0 9. Ng5 Kh8 10. Qc4 Nd4 11. Ba4 c6 12. Bb3 d5 13. Qd3 Nh5 14. Nf3 Rxf3 15. gxf3 Bg5 16. Kh1 Bxc1 17. Raxc1 Nf4 18. Qe3 Nxb3 19. axb3 d4 20. Qd2 Bh3 21. Rg1 dxc3 22. Qxc3 Qf6 23. Qe3 Rd8 24. Ra1 a6 25. Rae1 h6 26. Qc3 h5 27. Qe3 h4 28. Ra1 Rd6 29. Rae1 Qf7 30. Rg5 Qe7 31. Rgg1 Qf6 32. Ra1 Kh7 33. Rae1 Rd4 34. Ra1 Qd8 35. Rae1 Rd2 36. Qc3 Qd6 37. Rg5 Rd1 38. Rgg1 Rxe1 39. Qxe1 Qd4 40. Qe3 Qxb2 41. Qc5 Qd4 42. Qxd4 exd4 43. e5 Kg8 44. Re1 Bg2+ 45. Kg1 h3 46. Re4 g5 47. e6 Kf8 48. e7+ Ke8 49. Re5 a5 50. Re1 b5 51. Re4 a4 52. bxa4 bxa4 53. c4 a3 54. c5 a2 55. Re1 a1Q 0-1

[Event "Santa Clara Provincial-ch Etapa 1"]
[Site "Santa Clara"]
[Date "2009.10.22"]
[Round "1"]
[White "Ramos Galindo, Luis Ernesto"]
[Black "Ruiz Sanchez, Orlen"]
[Result "1-0"]
[WhiteElo "2078"]
[BlackElo "2325"]
[PlyCount "195"]
[EventDate "2009.10.22"]
[EventType "tourn"]
[EventRounds "11"]
[EventCountry "CUB"]
[SourceTitle "EXT 2011"]
[Source "ChessBase"]
[SourceDate "2010.11.26"]
[SourceVersion "1"]
[SourceVersionDate "2010.11.26"]
[SourceQuality "1"]

1. e4 c5 2. Nf3 d6 3. d4 cxd4 4. Nxd4 Nf6 5. Nc3 a6 6. Bg5 Nbd7 7. f4 Qa5 8. Qd2 e6 9. Be2 b5 10. Bxf6 gxf6 11. f5 b4 12. fxe6 bxc3 13. exd7+ Bxd7 14. Qxc3 Qxc3+ 15. bxc3 Bh6 16. Rf1 Ke7 17. Rb1 Rhb8 18. Rb3 a5 19. Nf5+ Bxf5 20. Rxf5 Be3 21. Rfb5 Rxb5 22. Rxb5 Ra7 23. Bc4 Bc5 24. g4 Kf8 25. Bd5 a4 26. Ke2 a3 27. Kf3 Kg7 28. h4 h6 29. h5 Rc7 30. Ke2 Ra7 31. Kd3 Kf8 32. Rb8+ Kg7 33. Kc4 Rc7 34. Ra8 Kh7 35. Re8 Kg7 36. Ba8 Be3+ 37. Kb4 Bc5+ 38. Kb5 Kh7 39. Bc6 Kg7 40. Ra8 Kh7 41. Re8 Kg7 42. Bd5 Kh7 43. Bb3 Kg7 44. Kc4 Be3+ 45. Kd5 Bf4 46. Ra8 Be5 47. Ra5 Kf8 48. c4 Ke7 49. c5 Rxc5+ 50. Rxc5 dxc5 51. Kxc5 Kd7 52. Kb6 Bd4+ 53. Kb5 Kd6 54. Bxf7 Be5 55. c4 Bf4 56. Kb6 Be3+ 57. Kb5 Bc1 58. Bg6 Bd2 59. Bf5 Bc1 60. Kb4 Kc6 61. Be6 Kd6 62. Bd5 Bb2 63. c5+ Kc7 64. Kc4 Be5 65. Bf7 Bf4 66. Kd5 Bg5 67. Be8 Bf4 68. Ke6 Bg5 69. Bb5 Bh4 70. c6 Bg5 71. Kd5 Bf4 72. Ba6 Bg5 73. Bb7 Bf4 74. Ke6 Bg5 75. e5 fxe5 76. Kxe5 Be7 77. Kd5 Bg5 78. Ba6 Bc1 79. Bd3 Bg5 80. Bf5 Bc1 81. Bd7 Bg5 82. Kc4 Bc1 83. Kb3 Kb6 84. g5 Bxg5 85. Kxa3 Bd2 86. Kb3 Be1 87. a4 Bd2 88. Kc4 Be1 89. Kd5 Kc7 90. Ke6 Bd2 91. Kf5 Kb6 92. Kg6 Bf4 93. Kh7 Kc7 94. a5 Kb8 95. a6 Ka7 96. Bc8 Be3 97. c7 Kb6 98. a7 1-0